| 000 | 02424nam a22001697a 4500 | ||
|---|---|---|---|
| 008 | 151030b xxu||||| |||| 00| 0 eng d | ||
| 020 | _a9780521561334 | ||
| 050 | _aRC455.S643 | ||
| 245 |
_aA Handbook for the study of mental health: social contexts, theories, and systems. / _cedited by Allan V. Horwitz and Teresa L. Scheid |
||
| 260 |
_aNew York: _bCambridge University Press, _c1999. |
||
| 300 |
_axvii, 676p.: _bills.; _c23 cm. |
||
| 500 | _aIncludes index and bibliographical references. | ||
| 505 | _aContent: Approaches to mental health illness: Definitions and perspectives -- The measurement of mental disorder -- The prevalence of mental illness -- Biological approaches to psychiatric disorders -- Psychological approaches to mental illness -- Sociological approaches to mental illness -- The labeling theory of mental disorder(I): The role of social contingencies in the application of psychiatric labels -- The social context of mental health and illness: Stress and mental health: A conceptual overview -- The nature of stressors -- Social support and coping -- Outcomes of the stress process -- Family structure and the processes -- Social networks and mental health -- Socioeconomic stratification and mental disorder -- Work and unemployment as stressors -- Race and mental health: Emerging patterns and promising approaches -- Social stressors in childhood and adolescence -- Well-being across the life course -- Gender and mental health: Do women have more psychopathology, men more, or both the same (and why)? -- The labeling theory of mental disorder(II): The consequences of labeling -- Mental health systems and policy: How do people come to use mental health services? Current knowledge and changing perspectives -- Contemporary mental health systems and managed care -- Institutional change and its consequences for the delivery of mental health services -- Integrating service delivery systems for persons with a severe mental illness -- Mental health policy making in the intergovernmental system -- Psychiatric rehabilitation services and outcomes: An overview -- An introduction to the mental health consumer movement -- Mental illness and the criminal justice system -- The HIV-mental health challenge -- Cultural diversity and mental health treatment -- Mental health systems in cross-cultural context. | ||
| 700 | _aHorwitz, Allan V. | ||
| 700 | _aScheid, Teresa L. | ||
| 942 |
_2lcc _cBK |
||
| 999 |
_c5817 _d13317 |
||